000 00468nam a22001697a 4500
005 20251108170745.0
008 250721s1996 xx 000 0 ara d
082 1 4 _a643.3/مطا
245 1 0 _aالمطابخ العصرية /
264 1 _aبيروت :
_bدار العربية للعلوم،
_c1996.
300 _a95ص
490 0 _aسلسلة كتب الديكور
650 1 7 _aالديكور
650 1 7 _aالمطابخ
942 _2ddc
_cBK
999 _c48265
_d48265